| 000 -LEADER |
| fixed length control field |
00416nam a2200133Ia 4500 |
| 008 - FIXED-LENGTH DATA ELEMENTS--GENERAL INFORMATION |
| fixed length control field |
230801s9999||||xx |||||||||||||| ||und|| |
| 020 ## - INTERNATIONAL STANDARD BOOK NUMBER |
| International Standard Book Number |
9789812042279 |
| 082 ## - DEWEY DECIMAL CLASSIFICATION NUMBER |
| Classification number |
658.4092 |
| Item number |
C4541 |
| 100 ## - MAIN ENTRY--PERSONAL NAME |
| Personal name |
Chan, Teng Heng |
| 245 #0 - TITLE STATEMENT |
| Title |
Access the minds of CEOs: powerful quotes, success strategies, outthink & outflank competition |
| 260 ## - PUBLICATION, DISTRIBUTION, ETC. |
| Place of publication, distribution, etc. |
Singapore |
| Name of publisher, distributor, etc. |
Marshall Cavendish Business |
| Date of publication, distribution, etc. |
2000 |
| 300 ## - PHYSICAL DESCRIPTION |
| Extent |
144 p. |
| 942 ## - ADDED ENTRY ELEMENTS (KOHA) |
| Koha item type |
Books |